Problémové obaly.
Zmyslom nemeckého zákona o obaloch, schváleného v r. 1991, je výrazne znížiť množstvo odpadu, ktorý končí na skládkach alebo v spaľovniach. Časový postup opatrení zameraných na vracanie obalov a na ich recykláciu. Predpoklad recyklovať 90 perc. skla a kovov a 80 perc. papiera, lepenky, plastov a lam...
Salvato in:
| Natura: | Capitolo di libro |
|---|---|
| Lingua: | slovacco |
| Soggetti: | |
| Tags: |
Nessun Tag, puoi essere il primo ad aggiungerne!!
|
MARC
| LEADER | 00000naa a2200000 4500 | ||
|---|---|---|---|
| 001 | r008063 | ||
| 005 | 20220831085617.6 | ||
| 041 | 0 | |a slo | |
| 044 | |a [CS] | ||
| 245 | 1 | 0 | |a Problémové obaly. |
| 520 | |a Zmyslom nemeckého zákona o obaloch, schváleného v r. 1991, je výrazne znížiť množstvo odpadu, ktorý končí na skládkach alebo v spaľovniach. Časový postup opatrení zameraných na vracanie obalov a na ich recykláciu. Predpoklad recyklovať 90 perc. skla a kovov a 80 perc. papiera, lepenky, plastov a laminátov. | ||
| 610 | 2 | 0 | |a obaly |
| 610 | 2 | 0 | |a odpad |
| 610 | 2 | 0 | |a technika obalová |
| 610 | 2 | 0 | |a recyklácia odpadu |
| 610 | 2 | 0 | |a Nemecko |
| 610 | 2 | 0 | |a zákony |
| 610 | 2 | 0 | |a 1991 |